[Event "HUN-ch Rapid 2019"]
[Site "Ajka"]
[Date "2019.07.20"]
[Round "6.16"]
[White "Egresi, Mate"]
[Black "Szalanczi, Emil"]
[Result "1-0"]
[WhiteElo "2341"]
[BlackElo "2159"]
[Annotator "NA"]
[PlyCount "133"]
[EventDate "2019.07.18"]
[EventType "swiss"]
[EventCountry "HUN"]
[SourceTitle "playchess.com"]
[Source "ChessBase"]
[SourceQuality "1"]
[TimeControl "1200+5"]

1. d4 {[%emt 0:00:02]} Nf6 {[%emt 0:00:01]} 2. c4 {[%emt 0:00:01]} g6 {[%emt 0:00:02]} 3. Nc3 {[%emt 0:00:01]} d5 {[%emt 0:00:00]} 4. Nf3 {[%emt 0:00:02]} Bg7 {[%emt 0:00:02]} 5. h4 {[%emt 0:00:01]} h5 {[%emt 0:00:13]} 6. Bg5 {[%emt 0:00:02]} c5 {[%emt 0:00:47]} 7. dxc5 {[%emt 0:00:03]} Qa5 {[%emt 0:00:23]} 8. cxd5 {[%emt 0:00:04]} O-O {[%emt 0:00:45]} 9. Rc1 {[%emt 0:03:41]} Nbd7 {[%emt 0:01:22]} 10. Qa4 {[%emt 0:02:38]} Qxc5 {[%emt 0:01:12]} 11. e4 {[%emt 0:02:06]} Ng4 {[%emt 0:01:47]} 12. Nd1 {[%emt 0:00:01]} Qd6 {[%emt 0:01:52]} 13. Qa3 {[%emt 0:02:02]} Ndf6 {[%emt 0:00:53]} 14. Bd3 {[%emt 0:01:14]} Bd7 {[%emt 0:01:32]} 15. Qxd6 {[%emt 0:00:40]} exd6 {[%emt 0:00:01]} 16. O-O {[%emt 0:01:48]} Rfc8 {[%emt 0:00:52]} 17. Ne3 {[%emt 0:00:36]} b5 {[%emt 0:00:26]} 18. Nc2 {[%emt 0:00:48]} Rc5 {[%emt 0:00:35]} 19. Ncd4 {[%emt 0:00:23]} Rac8 {[%emt 0:00:31]} 20. b4 {[%emt 0:01:16]} Rc3 {[%emt 0:01:04]} 21. Rxc3 {[%emt 0:00:31]} Rxc3 {[%emt 0:00:01]} 22. Bxb5 {[%emt 0:00:03]} Ra3 {[%emt 0:00:39]} 23. Bxd7 {[%emt 0:00:39]} Nxd7 {[%emt 0:00:01]} 24. Nb5 {[%emt 0:00:02]} Rxa2 {[%emt 0:00:32]} 25. Nxd6 {[%emt 0:00:23]} Bf8 {[%emt 0:00:15]} 26. Bf4 {[%emt 0:00:32]} f6 {[%emt 0:02:14]} 27. Bg3 {[%emt 0:00:03]} Nde5 {[%emt 0:00:29]} 28. Nxe5 {[%emt 0:00:12]} fxe5 {[%emt 0:00:09]} 29. Nc4 {[%emt 0:00:03]} Bxb4 {[%emt 0:00:09]} 30. Nxe5 {[%emt 0:00:05]} Nf6 {[%emt 0:00:23]} 31. Nd3 {[%emt 0:01:07]} Bc3 {[%emt 0:00:46]} 32. d6 {[%emt 0:00:25]} Kf7 {[%emt 0:00:56]} 33. e5 {[%emt 0:00:21]} Nd7 {[%emt 0:00:40]} 34. Rc1 {[%emt 0:00:07]} Bd4 {[%emt 0:00:10]} 35. Rc7 {[%emt 0:00:08]} Ke6 {[%emt 0:00:15]} 36. Nf4+ {[%emt 0:00:02]} Kxe5 {[%emt 0:00:09]} 37. Rxd7 {[%emt 0:00:03]} Kf5 {[%emt 0:00:02]} 38. Rf7+ {[%emt 0:00:12]} Kg4 {[%emt 0:00:10]} 39. d7 {[%emt 0:00:03]} Bb6 {[%emt 0:00:02]} 40. Ne6 {[%emt 0:00:07]} g5 {[%emt 0:00:26]} 41. hxg5 {[%emt 0:00:27]} h4 {[%emt 0:00:01]} 42. Rf4+ {[%emt 0:00:03]} Kh5 {[%emt 0:00:01]} 43. Rxh4+ {[%emt 0:00:02]} Kg6 {[%emt 0:00:01]} 44. d8=Q {[%emt 0:00:12]} Bxd8 {[%emt 0:00:10]} 45. Nxd8 {[%emt 0:00:02]} a5 {[%emt 0:00:04]} 46. Rh6+ {[%emt 0:00:08]} Kxg5 {[%emt 0:00:07]} 47. Ra6 {[%emt 0:00:01]} Kf5 {[%emt 0:00:05]} 48. Nb7 {[%emt 0:00:08]} a4 {[%emt 0:00:03]} 49. Kh2 {[%emt 0:00:02]} a3 {[%emt 0:00:12]} 50. Bd6 {[%emt 0:00:03]} Rxf2 {[%emt 0:00:06]} 51. Rxa3 {[%emt 0:00:02]} Rb2 {[%emt 0:00:08]} 52. Nc5 {[%emt 0:00:03]} Rd2 {[%emt 0:00:07]} 53. Rd3 {[%emt 0:00:03]} Rc2 {[%emt 0:00:06]} 54. Kh3 {[%emt 0:00:02]} Kg6 {[%emt 0:00:01]} 55. g3 {[%emt 0:00:04]} Kg5 {[%emt 0:00:21]} 56. Rd5+ {[%emt 0:00:01]} Kf6 {[%emt 0:00:04]} 57. Bf4 {[%emt 0:00:06]} Kg6 {[%emt 0:00:13]} 58. Ne4 {[%emt 0:00:03]} Re2 {[%emt 0:00:05]} 59. Nc5 {[%emt 0:00:03]} Rc2 {[%emt 0:00:03]} 60. Kg4 {[%emt 0:00:01]} Kf7 {[%emt 0:00:04]} 61. Ne4 {[%emt 0:00:03]} Rh2 {[%emt 0:00:06]} 62. Kg5 {[%emt 0:00:06]} Ke7 {[%emt 0:00:04]} 63. g4 {[%emt 0:00:03]} Ke6 {[%emt 0:00:04]} 64. Rd6+ {[%emt 0:00:01]} Ke7 {[%emt 0:00:01]} 65. Ra6 {[%emt 0:00:07]} Kf7 {[%emt 0:00:06]} 66. Kf5 {[%emt 0:00:04]} Ke7 {[%emt 0:00:04]} 67. Bxh2 {[%emt 0:00:04]} 1-0

[Event "HUN-ch Rapid 2019"]
[Site "Ajka"]
[Date "2019.07.20"]
[Round "6.17"]
[White "Emodi, Barnabas"]
[Black "Pasztor, Balazs"]
[Result "1-0"]
[WhiteElo "2365"]
[BlackElo "1601"]
[Annotator "NA"]
[PlyCount "79"]
[EventDate "2019.07.18"]
[EventType "swiss"]
[EventCountry "HUN"]
[SourceTitle "playchess.com"]
[Source "ChessBase"]
[SourceQuality "1"]
[TimeControl "1200+5"]

1. d4 {[%emt 0:00:01]} d5 {[%emt 0:00:02]} 2. Nf3 {[%emt 0:00:02]} Nf6 {[%emt 0:00:02]} 3. c4 {[%emt 0:00:01]} dxc4 {[%emt 0:00:03]} 4. e3 {[%emt 0:00:04]} e6 {[%emt 0:00:03]} 5. Bxc4 {[%emt 0:00:02]} a6 {[%emt 0:00:02]} 6. a4 {[%emt 0:00:09]} c5 {[%emt 0:00:04]} 7. O-O {[%emt 0:00:02]} Nc6 {[%emt 0:00:03]} 8. Nc3 {[%emt 0:00:03]} Bd6 {[%emt 0:00:31]} 9. Qe2 {[%emt 0:00:28]} O-O {[%emt 0:00:51]} 10. Rd1 {[%emt 0:00:07]} Qc7 {[%emt 0:00:12]} 11. h3 {[%emt 0:00:26]} b6 {[%emt 0:00:18]} 12. d5 {[%emt 0:00:16]} exd5 {[%emt 0:00:06]} 13. Bxd5 {[%emt 0:00:02]} Bb7 {[%emt 0:00:54]} 14. e4 {[%emt 0:00:37]} Rfe8 {[%emt 0:02:51]} 15. Bg5 {[%emt 0:02:27]} Nd4 {[%emt 0:01:56]} 16. Nxd4 {[%emt 0:04:25]} Nxd5 {[%emt 0:00:17]} 17. Ndb5 {[%emt 0:02:18]} axb5 {[%emt 0:03:11]} 18. Nxd5 {[%emt 0:00:07]} Bxd5 {[%emt 0:00:37]} 19. Rxd5 {[%emt 0:00:01]} Rxa4 {[%emt 0:01:14]} 20. Rxa4 {[%emt 0:01:09]} bxa4 {[%emt 0:00:02]} 21. Qd1 {[%emt 0:00:14]} Re6 {[%emt 0:02:03]} 22. Qxa4 {[%emt 0:00:29]} h6 {[%emt 0:00:11]} 23. Bd2 {[%emt 0:00:46]} Be5 {[%emt 0:00:56]} 24. Qc2 {[%emt 0:00:54]} Qe7 {[%emt 0:00:31]} 25. Be3 {[%emt 0:00:11]} Rd6 {[%emt 0:00:45]} 26. b3 {[%emt 0:00:50]} Rxd5 {[%emt 0:00:14]} 27. exd5 {[%emt 0:00:02]} Qf6 {[%emt 0:00:30]} 28. Qe4 {[%emt 0:00:11]} Qd6 {[%emt 0:00:38]} 29. f4 {[%emt 0:00:12]} Bf6 {[%emt 0:00:06]} 30. Qe8+ {[%emt 0:00:20]} Qf8 {[%emt 0:00:19]} 31. Qc6 {[%emt 0:00:42]} Qe7 {[%emt 0:00:23]} 32. Kf2 {[%emt 0:00:42]} Bd4 {[%emt 0:00:27]} 33. Qc8+ {[%emt 0:00:16]} Kh7 {[%emt 0:00:12]} 34. Bxd4 {[%emt 0:00:04]} cxd4 {[%emt 0:00:07]} 35. Qf5+ {[%emt 0:00:13]} g6 {[%emt 0:00:15]} 36. Qe5 {[%emt 0:00:02]} Qc5 {[%emt 0:00:34]} 37. d6 {[%emt 0:00:10]} Qc2+ {[%emt 0:00:02]} 38. Kg3 {[%emt 0:00:12]} Qxb3+ {[%emt 0:00:25]} 39. Kh2 {[%emt 0:00:13]} Qa4 {[%emt 0:01:01]} 40. Qe7 1-0

[Event "HUN-ch Rapid 2019"]
[Site "Ajka"]
[Date "2019.07.20"]
[Round "6.18"]
[White "Bohus, Adam"]
[Black "Farago, Sandor"]
[Result "1-0"]
[WhiteElo "2219"]
[BlackElo "2210"]
[Annotator "NA"]
[PlyCount "95"]
[EventDate "2019.07.18"]
[EventType "swiss"]
[EventCountry "HUN"]
[SourceTitle "playchess.com"]
[Source "ChessBase"]
[SourceQuality "1"]
[TimeControl "1200+5"]

1. d4 {[%emt 0:00:03]} Nf6 {[%emt 0:00:01]} 2. c4 {[%emt 0:00:02]} g6 {[%emt 0:00:02]} 3. f3 {[%emt 0:00:03]} Bg7 {[%emt 0:00:04]} 4. e4 {[%emt 0:00:02]} d6 {[%emt 0:00:01]} 5. Nc3 {[%emt 0:00:03]} Nbd7 {[%emt 0:00:01]} 6. Be3 {[%emt 0:00:13]} e5 {[%emt 0:00:03]} 7. Nge2 {[%emt 0:00:04]} c6 {[%emt 0:00:22]} 8. Qd2 {[%emt 0:00:04]} h5 {[%emt 0:00:08]} 9. d5 {[%emt 0:01:20]} c5 {[%emt 0:00:15]} 10. Nc1 {[%emt 0:01:04]} a6 {[%emt 0:00:04]} 11. Be2 {[%emt 0:01:10]} Ng8 {[%emt 0:00:20]} 12. O-O {[%emt 0:04:01]} Bh6 {[%emt 0:00:14]} 13. Bxh6 {[%emt 0:00:02]} Nxh6 {[%emt 0:00:03]} 14. Nd3 {[%emt 0:00:02]} Qe7 15. b4 {[%emt 0:01:10]} cxb4 {[%emt 0:01:04]} 16. Na4 {[%emt 0:00:02]} b6 {[%emt 0:05:01]} 17. Nxb4 {[%emt 0:01:39]} Qd8 {[%emt 0:00:15]} 18. Nc6 {[%emt 0:01:19]} Qc7 {[%emt 0:00:01]} 19. Qg5 {[%emt 0:00:04]} Ng8 {[%emt 0:00:04]} 20. f4 {[%emt 0:00:18]} Bb7 {[%emt 0:01:21]} 21. f5 {[%emt 0:04:11]} Nf8 {[%emt 0:02:19]} 22. fxg6 {[%emt 0:00:02]} Nxg6 {[%emt 0:00:01]} 23. Bxh5 {[%emt 0:00:30]} Rxh5 {[%emt 0:00:46]} 24. Qxh5 {[%emt 0:00:12]} Bxc6 {[%emt 0:00:00]} 25. dxc6 {[%emt 0:00:08]} Nf4 {[%emt 0:01:52]} 26. Qh7 {[%emt 0:00:56]} O-O-O {[%emt 0:00:42]} 27. Rab1 {[%emt 0:00:03]} Qxc6 {[%emt 0:01:45]} 28. Nxb6+ {[%emt 0:00:29]} Kb8 {[%emt 0:00:05]} 29. Qxf7 {[%emt 0:01:02]} Nh6 {[%emt 0:00:37]} 30. Nd5+ {[%emt 0:01:04]} Kc8 {[%emt 0:00:40]} 31. Ne7+ {[%emt 0:00:12]} Kd7 {[%emt 0:00:01]} 32. Nxc6+ {[%emt 0:00:19]} Nxf7 {[%emt 0:00:06]} 33. Nxd8 {[%emt 0:00:02]} Nxd8 {[%emt 0:00:02]} 34. Rb6 {[%emt 0:00:09]} Nde6 {[%emt 0:00:07]} 35. Rxa6 {[%emt 0:00:07]} Nc5 {[%emt 0:00:00]} 36. Ra7+ {[%emt 0:00:02]} Kc6 {[%emt 0:00:01]} 37. Rf7 {[%emt 0:00:16]} Ne2+ {[%emt 0:00:24]} 38. Kh1 {[%emt 0:00:18]} Nxe4 {[%emt 0:00:04]} 39. Re1 {[%emt 0:00:02]} N4c3 {[%emt 0:00:01]} 40. h4 {[%emt 0:00:12]} Ng3+ {[%emt 0:00:07]} 41. Kh2 {[%emt 0:00:00]} Nh5 {[%emt 0:00:16]} 42. g4 {[%emt 0:00:08]} Nf4 {[%emt 0:00:01]} 43. h5 {[%emt 0:00:03]} Kc5 {[%emt 0:00:17]} 44. Rxf4 {[%emt 0:00:06]} exf4 {[%emt 0:00:01]} 45. h6 {[%emt 0:00:01]} f3 {[%emt 0:00:06]} 46. h7 {[%emt 0:00:03]} f2 {[%emt 0:00:01]} 47. Rf1 {[%emt 0:00:04]} Ne4 {[%emt 0:00:07]} 48. h8=Q {[%emt 0:00:04]} 1-0

[Event "HUN-ch Rapid 2019"]
[Site "Ajka"]
[Date "2019.07.20"]
[Round "6.19"]
[White "Borhy, Marcell"]
[Black "Horvath, Tamas"]
[Result "1/2-1/2"]
[WhiteElo "2382"]
[BlackElo "2306"]
[Annotator "NA"]
[PlyCount "56"]
[EventDate "2019.07.18"]
[EventType "swiss"]
[EventCountry "HUN"]
[SourceTitle "playchess.com"]
[Source "ChessBase"]
[SourceQuality "1"]
[TimeControl "1200+5"]

1. d4 {[%emt 0:00:02]} Nf6 {[%emt 0:00:04]} 2. c4 {[%emt 0:00:02]} e6 {[%emt 0:00:06]} 3. g3 {[%emt 0:00:02]} c5 {[%emt 0:00:08]} 4. Nf3 {[%emt 0:00:03]} cxd4 {[%emt 0:00:07]} 5. Nxd4 {[%emt 0:00:03]} Bb4+ {[%emt 0:00:08]} 6. Bd2 {[%emt 0:00:03]} Qb6 {[%emt 0:00:04]} 7. Nb3 {[%emt 0:00:59]} Ne4 {[%emt 0:01:29]} 8. e3 {[%emt 0:00:33]} Nxd2 {[%emt 0:00:18]} 9. N1xd2 {[%emt 0:00:08]} O-O {[%emt 0:00:21]} 10. Bg2 {[%emt 0:00:10]} Be7 {[%emt 0:00:29]} 11. O-O {[%emt 0:00:14]} d6 {[%emt 0:00:05]} 12. Qc2 {[%emt 0:00:23]} Nd7 {[%emt 0:00:04]} 13. Rfd1 {[%emt 0:00:13]} Nf6 {[%emt 0:00:13]} 14. Rac1 {[%emt 0:00:03]} Bd7 {[%emt 0:00:11]} 15. Nd4 {[%emt 0:00:24]} a6 {[%emt 0:00:47]} 16. Qb3 {[%emt 0:01:19]} Qxb3 {[%emt 0:00:12]} 17. N2xb3 {[%emt 0:00:06]} Ra7 {[%emt 0:02:21]} 18. Na5 {[%emt 0:03:13]} e5 {[%emt 0:01:26]} 19. Ne2 {[%emt 0:01:03]} Rb8 {[%emt 0:01:17]} 20. b4 {[%emt 0:00:59]} Bg4 {[%emt 0:00:42]} 21. Kf1 {[%emt 0:00:51]} Bd7 {[%emt 0:00:26]} 22. Nc3 {[%emt 0:00:53]} b6 {[%emt 0:00:59]} 23. Nb3 {[%emt 0:01:15]} Rc7 {[%emt 0:00:13]} 24. Nd5 {[%emt 0:00:22]} Nxd5 {[%emt 0:00:03]} 25. cxd5 {[%emt 0:00:36]} Rbc8 {[%emt 0:00:22]} 26. Rxc7 {[%emt 0:01:25]} Rxc7 {[%emt 0:00:03]} 27. Rc1 {[%emt 0:00:01]} Rxc1+ {[%emt 0:00:47]} 28. Nxc1 {[%emt 0:00:01]} Kf8 {[%emt 0:00:30]} 1/2-1/2

[Event "HUN-ch Rapid 2019"]
[Site "Ajka"]
[Date "2019.07.20"]
[Round "6.20"]
[White "Medvegy, Zoltan"]
[Black "Margl, Roland"]
[Result "1/2-1/2"]
[WhiteElo "2539"]
[BlackElo "2264"]
[Annotator "ChessBase"]
[PlyCount "98"]
[EventDate "2019.07.18"]
[EventType "swiss"]
[EventCountry "HUN"]
[SourceTitle "playchess.com"]
[Source "ChessBase"]
[SourceQuality "1"]
[TimeControl "1200+5"]

1. c4 {[%emt 0:00:01]} e6 {[%emt 0:00:01]} 2. g3 {[%emt 0:00:10]} d5 {[%emt 0:00:01]} 3. Bg2 {[%emt 0:00:01]} Nf6 {[%emt 0:00:02]} 4. Nf3 {[%emt 0:00:01]} d4 {[%emt 0:00:01]} 5. O-O {[%emt 0:00:14]} Nc6 {[%emt 0:00:01]} 6. d3 {[%emt 0:00:43]} Bc5 {[%emt 0:00:02]} 7. e4 {[%emt 0:00:36]} dxe3 {[%emt 0:03:58]} 8. Bxe3 {[%emt 0:00:13]} Nd4 {[%emt 0:02:31]} 9. Nbd2 {[%emt 0:04:06]} O-O {[%emt 0:00:15]} 10. Rb1 {[%emt 0:00:42]} a5 {[%emt 0:00:25]} 11. Re1 {[%emt 0:00:55]} Nxf3+ {[%emt 0:04:33]} 12. Nxf3 {[%emt 0:00:20]} Bxe3 {[%emt 0:00:33]} 13. fxe3 {[%emt 0:00:28]} c5 {[%emt 0:00:18]} 14. d4 {[%emt 0:00:52]} Qc7 {[%emt 0:00:11]} 15. Qe2 {[%emt 0:00:15]} b6 {[%emt 0:01:08]} 16. e4 {[%emt 0:03:18]} cxd4 {[%emt 0:00:56]} 17. e5 {[%emt 0:00:02]} Nd7 {[%emt 0:00:06]} 18. Nxd4 {[%emt 0:00:27]} Bb7 {[%emt 0:00:02]} 19. Rbd1 {[%emt 0:02:48]} Bxg2 {[%emt 0:00:09]} 20. Kxg2 {[%emt 0:00:02]} Rad8 {[%emt 0:01:11]} 21. Nb5 {[%emt 0:00:44]} Qc5 {[%emt 0:00:38]} 22. b3 {[%emt 0:01:46]} a4 {[%emt 0:01:21]} 23. Rd6 {[%emt 0:01:01]} Nb8 {[%emt 0:00:55]} 24. Qe3 {[%emt 0:00:41]} axb3 {[%emt 0:00:45]} 25. Qxc5 {[%emt 0:00:26]} bxc5 {[%emt 0:00:01]} 26. axb3 {[%emt 0:00:01]} Rc8 {[%emt 0:00:36]} 27. Kf3 {[%emt 0:00:20]} Nc6 {[%emt 0:00:09]} 28. Ke4 {[%emt 0:00:01]} Rfd8 {[%emt 0:00:05]} 29. Ra1 {[%emt 0:00:47]} Kf8 {[%emt 0:00:40]} 30. Ra6 {[%emt 0:00:03]} Nb4 {[%emt 0:00:21]} 31. Ra7 {[%emt 0:00:04]} h6 {[%emt 0:00:25]} 32. Rxd8+ {[%emt 0:00:22]} Rxd8 {[%emt 0:00:02]} 33. Nd6 {[%emt 0:00:03]} f5+ {[%emt 0:00:07]} 34. Ke3 {[%emt 0:00:05]} Nc6 {[%emt 0:00:02]} 35. Nb7 {[%emt 0:00:03]} Rb8 {[%emt 0:00:11]} 36. Nxc5 {[%emt 0:00:02]} Rxb3+ {[%emt 0:00:05]} 37. Nxb3 {[%emt 0:00:01]} Nxa7 {[%emt 0:00:01]} 38. h4 {[%emt 0:00:18]} g5 {[%emt 0:00:01]} 39. Nd4 {[%emt 0:00:03]} Ke7 {[%emt 0:00:04]} 40. c5 {[%emt 0:00:07]} Kd7 {[%emt 0:00:03]} 41. hxg5 {[%emt 0:00:02]} hxg5 {[%emt 0:00:01]} 42. Nf3 {[%emt 0:00:01]} Kc6 {[%emt 0:00:20]} 43. Nxg5 {[%emt 0:00:01]} Kxc5 {[%emt 0:00:00]} 44. Kf4 {[%emt 0:00:17]} Kd5 {[%emt 0:00:03]} 45. Nh7 {[%emt 0:00:04]} Nc6 {[%emt 0:00:03]} 46. Nf6+ {[%emt 0:00:02]} Kd4 {[%emt 0:00:01]} 47. Nd7 {[%emt 0:00:04]} Kd5 {[%emt 0:00:00]} 48. Nb6+ {[%emt 0:00:07]} Kd4 {[%emt 0:00:01]} 49. Nd7 {[%emt 0:00:02]} Kd5 {Ke4+} 1/2-1/2

[Event "HUN-ch Rapid 2019"]
[Site "Ajka"]
[Date "2019.07.20"]
[Round "7.1"]
[White "Banusz, Tamas"]
[Black "Almasi, Zoltan"]
[Result "1/2-1/2"]
[WhiteElo "2626"]
[BlackElo "2687"]
[Annotator "TA"]
[PlyCount "44"]
[EventDate "2019.07.18"]
[EventType "swiss"]
[EventCountry "HUN"]
[SourceTitle "playchess.com"]
[Source "ChessBase"]
[SourceQuality "1"]

{[%evp 13,44,35,45,41,35,39,79,83,91,66,66,60,64,66,88,51,72,77,64,73,71,51,58,53,58,38,55,47,72,57,82,77,118]} 1. d4 Nf6 2. Nf3 g6 3. g3 Bg7 4. Bg2 O-O 5. c4 d6 6. Nc3 c6 7. O-O Bf5 8. Ng5 {E62: King's Indian: Fianchetto: 6...c6 and Panno Variation (6...Nc6) without ...a6} (8. Ne1 Be6 9. b3 d5 10. Nd3 dxc4 11. Nf4 Qc8 12. Ba3 Re8 13. Nxe6 Qxe6 14. Rb1 Na6 15. d5 cxd5 16. bxc4 d4 17. Qxd4 {½-½ (52) Howell,D (2689)-Naiditsch,A (2721) Porto Carras 2018}) 8... e5 9. d5 c5 10. e4 Bc8 $146 ({Predecessor:} 10... Bg4 11. f3 Bc8 12. Be3 Na6 13. a3 Nc7 14. b4 b6 15. Nh3 Nfe8 {0-1 (46) Usmanov,V (2450)-Smirnov,A (2413) St Petersburg 2019}) 11. f3 Na6 12. Nh3 Bd7 13. Nf2 Rb8 14. Be3 b5 15. cxb5 Bxb5 16. Nxb5 Rxb5 17. b3 Rb7 18. Nd3 Nc7 {[%cal Ba6c7,Bc7b5,Bb5d4][%mdl 32]} 19. Nb2 Nb5 20. Nc4 Nd4 21. Qd2 Qd7 22. Rae1 Re8 {Accuracy: White = 43%, Black = 30%.} 1/2-1/2

[Event "HUN-ch Rapid 2019"]
[Site "Ajka"]
[Date "2019.07.20"]
[Round "7.2"]
[White "Gledura, Benjamin"]
[Black "Horvath, Adam"]
[Result "1-0"]
[WhiteElo "2654"]
[BlackElo "2517"]
[Annotator "TA"]
[PlyCount "61"]
[EventDate "2019.07.18"]
[EventType "swiss"]
[EventCountry "HUN"]
[SourceTitle "playchess.com"]
[Source "ChessBase"]
[SourceQuality "1"]

{[%evp 19,61,-1,33,5,20,19,27,-41,0,0,11,21,22,7,23,14,71,70,69,75,67,67,96,57,151,103,283,205,297,289,406,399,380,383,885,859,29973,29974,29974,29975,29975,29976,29976,29977]} 1. Nf3 c5 2. g3 Nc6 3. Bg2 g6 4. d4 cxd4 5. Nxd4 Bg7 6. Nxc6 bxc6 7. O-O Nf6 8. c4 O-O 9. Nc3 Rb8 10. Qc2 c5 11. e4 {A04: Unusual lines after 1 Nf3 and King's Indian Attack} d6 12. b3 Ng4 13. f4 $146 (13. Bb2 $11) ({Predecessor:} 13. h3 Ne5 14. Be3 Nc6 15. Rad1 Qa5 16. Nd5 e6 17. Bd2 Qd8 18. Ne3 a5 {½-½ (61) Zhelesny,S-Cherniak,L (2415) Odessa 1991}) 13... Qa5 14. Bd2 $1 Ne3 {[%mdl 64] [#] Decoy} (14... Bd4+ {is interesting.} 15. Kh1 Qd8 16. h3 Ne3 17. Bxe3 Bxe3 18. Rad1 Bd4) 15. Bxe3 {And now Bd2 would win.} Qxc3 16. Qxc3 Bxc3 17. Rad1 Bb7 {[#]} (17... Re8 $11) 18. e5 $1 $16 {[%mdl 512]} Rfe8 (18... dxe5 19. Bxc5) 19. Rd3 Ba5 20. g4 Bc7 21. f5 a5 (21... Bxg2 $14 22. Kxg2 dxe5) 22. e6 fxe6 $2 (22... Bxg2 $16 23. Kxg2 a4) 23. fxe6 Bxg2 (23... d5 $142) 24. Kxg2 $18 Rf8 (24... a4 {was necessary.} 25. Rf7 axb3 26. axb3 Ra8) 25. Rxf8+ Rxf8 {[%mdl 4096] Endgame KRB-KRB} 26. Bh6 Rf6 $2 (26... Rc8 27. Rf3 d5 28. cxd5 Bd6) 27. Rf3 g5 28. Rxf6 {White mates.} exf6 29. Kf3 d5 30. cxd5 Bxh2 31. Ke4 {Accuracy: White = 74%, Black = 13%.} 1-0

[Event "HUN-ch Rapid 2019"]
[Site "Ajka"]
[Date "2019.07.20"]
[Round "7.3"]
[White "Aczel, Gergely"]
[Black "Vertetics, Attila"]
[Result "1/2-1/2"]
[WhiteElo "2540"]
[BlackElo "2438"]
[Annotator "ChessBase"]
[PlyCount "89"]
[EventDate "2019.07.18"]
[EventType "swiss"]
[EventCountry "HUN"]
[SourceTitle "playchess.com"]
[Source "ChessBase"]
[SourceQuality "1"]
[TimeControl "1200+5"]

1. d4 {[%emt 0:00:01]} Nf6 {[%emt 0:00:03]} 2. c4 {[%emt 0:00:02]} e6 {[%emt 0:00:09]} 3. Nc3 {[%emt 0:00:01]} Bb4 {[%emt 0:00:03]} 4. e3 {[%emt 0:00:01]} O-O {[%emt 0:00:11]} 5. Bd2 {[%emt 0:00:02]} Re8 {[%emt 0:00:37]} 6. Bd3 {[%emt 0:00:15]} d5 {[%emt 0:00:14]} 7. Nf3 {[%emt 0:00:17]} Bf8 {[%emt 0:03:11]} 8. O-O {[%emt 0:00:06]} c5 {[%emt 0:01:21]} 9. cxd5 {[%emt 0:00:45]} exd5 {[%emt 0:00:39]} 10. dxc5 {[%emt 0:00:08]} Bxc5 {[%emt 0:00:09]} 11. h3 {[%emt 0:01:18]} Nc6 {[%emt 0:00:06]} 12. Rc1 {[%emt 0:00:50]} Qe7 {[%emt 0:00:54]} 13. Bb5 {[%emt 0:02:17]} Bd7 {[%emt 0:01:33]} 14. Ne2 {[%emt 0:01:27]} Bb6 {[%emt 0:00:58]} 15. Bc3 {[%emt 0:00:32]} Rad8 {[%emt 0:00:06]} 16. Ba4 {[%emt 0:04:34]} Ne4 {[%emt 0:00:20]} 17. Bd4 {[%emt 0:00:26]} Ng5 {[%emt 0:03:13]} 18. Nxg5 {[%emt 0:00:16]} Qxg5 {[%emt 0:00:04]} 19. Bxb6 {[%emt 0:00:25]} axb6 {[%emt 0:00:16]} 20. Kh1 {[%emt 0:01:03]} Qh4 {[%emt 0:00:16]} 21. Kh2 {[%emt 0:00:57]} Qf6 {[%emt 0:02:43]} 22. Rc3 {[%emt 0:00:36]} d4 {[%emt 0:01:50]} 23. Nxd4 {[%emt 0:01:12]} Nxd4 {[%emt 0:00:01]} 24. exd4 {[%emt 0:00:02]} Bxa4 {[%emt 0:00:02]} 25. Qxa4 {[%emt 0:00:02]} Qxd4 {[%emt 0:00:03]} 26. Qb3 {[%emt 0:00:53]} Rd7 {[%emt 0:00:15]} 27. Rf3 {[%emt 0:00:11]} g6 {[%emt 0:00:29]} 28. Rc1 {[%emt 0:00:18]} Kg7 {[%emt 0:00:04]} 29. Rc4 {[%emt 0:00:27]} Qe5+ {[%emt 0:00:07]} 30. g3 {[%emt 0:00:03]} Ree7 {[%emt 0:00:17]} 31. Rcf4 {[%emt 0:01:35]} b5 {[%emt 0:00:28]} 32. h4 {[%emt 0:00:03]} h5 {[%emt 0:00:06]} 33. a3 {[%emt 0:00:03]} Qd5 {[%emt 0:00:29]} 34. Qxd5 {[%emt 0:00:33]} Rxd5 {[%emt 0:00:01]} 35. Rf6 {[%emt 0:00:37]} Rd2 {[%emt 0:00:21]} 36. b4 {[%emt 0:00:08]} Red7 {[%emt 0:00:10]} 37. Rb6 {[%emt 0:00:07]} R2d5 {[%emt 0:00:23]} 38. Kg2 {[%emt 0:00:02]} Re5 {[%emt 0:00:05]} 39. Rc3 {[%emt 0:00:12]} Red5 {[%emt 0:00:40]} 40. Rf3 {[%emt 0:00:17]} Re5 {[%emt 0:00:04]} 41. Rc3 {[%emt 0:00:04]} Red5 {[%emt 0:00:01]} 42. Rc5 {[%emt 0:00:01]} Rd3 {[%emt 0:00:13]} 43. Rcxb5 {[%emt 0:00:06]} Rxa3 {[%emt 0:00:03]} 44. Re5 {[%emt 0:00:18]} Rc3 {[%emt 0:00:02]} 45. Re4 1/2-1/2